<?xml version="1.0" encoding="UTF-8"?><?xml-stylesheet type="text/xsl" href="static/style.xsl"?><OAI-PMH xmlns="http://www.openarchives.org/OAI/2.0/" xmlns:xsi="http://www.w3.org/2001/XMLSchema-instance" xsi:schemaLocation="http://www.openarchives.org/OAI/2.0/ http://www.openarchives.org/OAI/2.0/OAI-PMH.xsd"><responseDate>2026-04-28T11:35:09Z</responseDate><request verb="GetRecord" identifier="oai:riubu.ubu.es:10259/7250" metadataPrefix="marc">https://riubu.ubu.es/oai/request</request><GetRecord><record><header><identifier>oai:riubu.ubu.es:10259/7250</identifier><datestamp>2023-03-17T11:26:38Z</datestamp><setSpec>com_10259_3847</setSpec><setSpec>com_10259_5086</setSpec><setSpec>com_10259_2604</setSpec><setSpec>col_10259_3848</setSpec></header><metadata><record xmlns="http://www.loc.gov/MARC21/slim" xmlns:doc="http://www.lyncode.com/xoai" xmlns:xsi="http://www.w3.org/2001/XMLSchema-instance" xmlns:dcterms="http://purl.org/dc/terms/" xsi:schemaLocation="http://www.loc.gov/MARC21/slim http://www.loc.gov/standards/marcxml/schema/MARC21slim.xsd">
<leader>00925njm 22002777a 4500</leader>
<datafield tag="042" ind1=" " ind2=" ">
<subfield code="a">dc</subfield>
</datafield>
<datafield tag="720" ind1=" " ind2=" ">
<subfield code="a">Ruiz Aguilar, Juan Jesús</subfield>
<subfield code="e">author</subfield>
</datafield>
<datafield tag="720" ind1=" " ind2=" ">
<subfield code="a">Moscoso López, José Antonio</subfield>
<subfield code="e">author</subfield>
</datafield>
<datafield tag="720" ind1=" " ind2=" ">
<subfield code="a">Urda Muñoz, Daniel</subfield>
<subfield code="e">author</subfield>
</datafield>
<datafield tag="720" ind1=" " ind2=" ">
<subfield code="a">González Enrique, Francisco Javier</subfield>
<subfield code="e">author</subfield>
</datafield>
<datafield tag="720" ind1=" " ind2=" ">
<subfield code="a">Turias Domínguez, Ignacio J.</subfield>
<subfield code="e">author</subfield>
</datafield>
<datafield tag="260" ind1=" " ind2=" ">
<subfield code="c">2020-11</subfield>
</datafield>
<datafield tag="520" ind1=" " ind2=" ">
<subfield code="a">An accurate prediction of freight volume at the sanitary facilities of seaports is a key factor&#xd;
to improve planning operations and resource allocation. This study proposes a hybrid approach&#xd;
to forecast container volume at the sanitary facilities of a seaport. The methodology consists of a&#xd;
three-step procedure, combining the strengths of linear and non-linear models and the capability&#xd;
of a clustering technique. First, a self-organizing map (SOM) is used to decompose the time series&#xd;
into smaller clusters easier to predict. Second, a seasonal autoregressive integrated moving averages&#xd;
(SARIMA) model is applied in each cluster in order to obtain predicted values and residuals of&#xd;
each cluster. These values are finally used as inputs of a support vector regression (SVR) model&#xd;
together with the historical data of the cluster. The final prediction result integrates the prediction&#xd;
results of each cluster. The experimental results showed that the proposed model provided accurate&#xd;
prediction results and outperforms the rest of the models tested. The proposed model can be used as&#xd;
an automatic decision-making tool by seaport management due to its capacity to plan resources in&#xd;
advance, avoiding congestion and time delays.</subfield>
</datafield>
<datafield tag="024" ind2=" " ind1="8">
<subfield code="a">http://hdl.handle.net/10259/7250</subfield>
</datafield>
<datafield tag="024" ind2=" " ind1="8">
<subfield code="a">10.3390/app10238326</subfield>
</datafield>
<datafield tag="024" ind2=" " ind1="8">
<subfield code="a">2076-3417</subfield>
</datafield>
<datafield ind1=" " ind2=" " tag="653">
<subfield code="a">Maritime transport</subfield>
</datafield>
<datafield ind1=" " ind2=" " tag="653">
<subfield code="a">Container forecasting</subfield>
</datafield>
<datafield ind1=" " ind2=" " tag="653">
<subfield code="a">Support vector regression</subfield>
</datafield>
<datafield ind1=" " ind2=" " tag="653">
<subfield code="a">Self-organizing maps</subfield>
</datafield>
<datafield ind1=" " ind2=" " tag="653">
<subfield code="a">Machine learning</subfield>
</datafield>
<datafield ind1=" " ind2=" " tag="653">
<subfield code="a">Hybrid models</subfield>
</datafield>
<datafield tag="245" ind1="0" ind2="0">
<subfield code="a">A Clustering-Based Hybrid Support Vector Regression Model to Predict Container Volume at Seaport Sanitary Facilities</subfield>
</datafield>
</record></metadata></record></GetRecord></OAI-PMH>